[Event "Mechanics' Summer TNM; 30/90, SD/30"]
[Site "San Francisco"]
[Date "2013.06.25"]
[Round "5.1"]
[White "Ivanov, Aleksandr"]
[Black "Manvelyan, Hayk"]
[Result "0-1"]
[WhiteElo "2078"]
[BlackElo "2293"]
[Annotator "Donaldson"]
[PlyCount "54"]
[EventDate "2013.??.??"]

1. d4 Nf6 2. c4 d6 3. g3 Nbd7 4. Bg2 c6 5. Nf3 e5 6. dxe5 dxe5 7. Nc3 Be7 8.
O-O O-O 9. Qc2 Qc7 10. b3 Re8 11. Bb2 Bf8 12. e3 a5 13. a3 Nb6 14. Ne4 Nxe4 15.
Qxe4 f6 16. Nh4 Be6 17. Rac1 Nd7 18. Qc2 Nc5 19. Rfd1 $2 (19. Bc3) (19. Rb1)
19... Qb6 20. Rd3 Nxd3 21. Qxd3 Rad8 22. Qc3 Rd7 23. Be4 g6 24. Kg2 Bg7 25. Bb1
e4 26. Kg1 Red8 27. Bc2 f5 0-1

[Event "Mechanics' Winter TNM; 30/90, SD/30"]
[Site "San Francisco"]
[Date "2013.02.05"]
[Round "5.7"]
[White "Ivanov, Aleksandr"]
[Black "Morton, Adam"]
[Result "1-0"]
[WhiteElo "2022"]
[BlackElo "1989"]
[PlyCount "85"]
[EventDate "2013.??.??"]

1. d4 d5 2. Nf3 Nf6 3. Bg5 e6 4. e3 Nbd7 5. Bd3 c5 6. c3 Bd6 7. O-O O-O 8. Nbd2
Qb6 9. Rb1 Re8 10. e4 dxe4 11. Nxe4 Nxe4 12. Bxe4 Nf8 13. dxc5 Qxc5 14. b4 Qc7
15. Qd2 f6 16. Be3 Bd7 17. Rfd1 Be7 18. Nd4 Rac8 19. Rbc1 Kh8 20. c4 g5 21. Qc3
Kg8 22. Nb3 b6 23. c5 Ba4 24. Bd4 Qf4 25. Re1 Kf7 26. g3 Qg4 27. Bf3 Qh3 28.
Qe3 Bc6 29. Bxc6 Rxc6 30. b5 Rcc8 31. cxb6 axb6 32. Rxc8 Rxc8 33. Bxb6 Ng6 34.
Bd4 Bb4 35. Rc1 Rd8 36. a4 Ba3 37. Re1 Bb4 38. Rc1 Ba3 39. Ra1 Rxd4 40. Nxd4
Bb2 41. Re1 Bxd4 42. Qxd4 Ne5 43. Rxe5 1-0

[Event "Mechanics' Fall TNM; 30/90, SD/30"]
[Site "San Francisco"]
[Date "2013.10.22"]
[Round "1.4"]
[White "Ivanov, Aleksandr"]
[Black "Potharam, Eitetsu"]
[Result "1-0"]
[WhiteElo "2103"]
[BlackElo "1725"]
[PlyCount "67"]
[EventDate "2013.??.??"]

1. d4 Nf6 2. c4 e6 3. g3 Bb4+ 4. Bd2 Bxd2+ 5. Qxd2 d5 6. Bg2 O-O 7. Nc3 c6 8.
Nf3 Nbd7 9. b3 Re8 10. O-O h6 11. Rad1 Qc7 12. Rfe1 Ne4 13. Qc2 f5 14. Nd2 Ndf6
15. Rc1 Qf7 16. f3 Nxc3 17. Qxc3 Bd7 18. Rf1 Qh5 19. b4 Re7 20. Nb3 Qe8 21. Nc5
b6 22. Nd3 Rc8 23. Ne5 Nh7 24. c5 b5 25. a4 a6 26. Ra1 Nf8 27. Nd3 Ng6 28. f4
Qf7 29. axb5 axb5 30. Ra6 Rc7 31. Bf3 Be8 32. Bh5 Kh7 33. Ne5 Nxf4 34. Nxf7 1-0

[Event "Mechanics' Fall TNM; 30/90, SD/30"]
[Site "San Francisco"]
[Date "2013.12.03"]
[Round "7.1"]
[White "Ivanov, Aleksandr"]
[Black "Tsodikova, Natalya"]
[Result "1-0"]
[WhiteElo "2103"]
[BlackElo "2234"]
[PlyCount "61"]
[EventDate "2013.??.??"]

1. d4 Nf6 2. c4 g6 3. g3 Bg7 4. Bg2 O-O 5. Nc3 d6 6. Nf3 c5 7. d5 Na6 8. O-O
Nc7 9. e4 Rb8 10. e5 Ng4 11. exd6 exd6 12. Bg5 f6 13. Bf4 Ne5 14. Nd2 f5 15.
Qc2 g5 16. Bxe5 dxe5 17. Nb5 Nxb5 18. cxb5 b6 19. Nc4 e4 20. g4 Qxd5 21. Rad1
Bd4 22. gxf5 Bxf5 23. Ne3 Qe5 24. Nxf5 Rxf5 25. Bxe4 Rf7 26. Rde1 Qd6 27. Qb3
Kg7 28. Qh3 h6 29. Bc2 Rbf8 30. Re6 Qf4 31. Rg6+ 1-0

[Event "Mechanics' Winter TNM; 30/90, SD/30"]
[Site "San Francisco"]
[Date "2013.01.22"]
[Round "3.20"]
[White "James, Charles"]
[Black "Afkham-Ebrahimi, Payam"]
[Result "0-1"]
[WhiteElo "1559"]
[BlackElo "1872"]
[Annotator "de Firmian"]
[PlyCount "86"]
[EventDate "2013.??.??"]

1. d4 f5 2. c4 Nf6 3. g3 g6 4. Bg2 Bg7 5. Nf3 d6 6. Nc3 O-O 7. O-O c6 8. Re1
Qc7 9. d5 cxd5 10. cxd5 Nbd7 11. Nd4 Ne5 12. Ne6 Bxe6 13. dxe6 a6 14. Bf4 Rac8
15. Rc1 Qb6 16. b3 Neg4 17. e3 Qa5 18. Qd3 Nxf2 19. Kxf2 Ng4+ 20. Kg1 Bxc3 21.
Re2 b5 22. Bb7 Rc7 23. Bd5 Be5 24. Rxc7 Qxc7 25. Rc2 Qb6 26. Re2 Rc8 27. Bg5
Rc1+ 28. Kg2 Qc7 29. e4 Rc3 30. Qd2 fxe4 31. Bxe4 Kg7 32. Bd5 Qc5 33. Bxe7 (33.
b4 Qxb4 34. Bxe7 Qc5 35. Bg5 Bd4 36. Qf4 (36. Be4 Be3) 36... Qxd5+ 37. Kh3 Nf6
38. e7 Rc8 39. Bxf6+ Bxf6 40. e8=Q Rxe8 41. Rxe8 h5 42. Qe4 Qxa2) 33... Nxh2 (
33... Rc2 34. Qxc2 Ne3+ 35. Kh3 Nxc2 36. Rxe5 Qc7 37. Bf8+ Kxf8 38. e7+ Qxe7)
34. Rxe5 (34. Rf2 Rxg3+ 35. Kh1 Ng4 36. Rf7+ Kg8 37. Rf8+ Kg7 38. Rf7+) 34...
Rxg3+ 35. Kxg3 Nf1+ 36. Kh4 (36. Kg2 Nxd2 37. Bf8+ Kh8 38. e7 dxe5 39. e8=Q
Qxd5+ 40. Kh2 Nf1+ 41. Kg1 Qd4+) 36... Nxd2 37. Bf8+ Kxf8 (37... Kf6 38. e7
Qf2+ 39. Kg4 Qg1+ 40. Kh3 Nf1) 38. e7+ Kg7 39. e8=Q Qf2+ 40. Kh3 dxe5 41. Qe7+
Kh6 42. Bg8 Qf3+ 43. Kh2 Qh5+ 0-1

[Event "Mechanics' Fall TNM; 30/90, SD/30"]
[Site "San Francisco"]
[Date "2013.11.19"]
[Round "5.35"]
[White "James, Charles"]
[Black "Allen, Tom"]
[Result "1-0"]
[WhiteElo "1592"]
[BlackElo "1580"]
[PlyCount "67"]
[EventDate "2013.??.??"]

1. d4 Nf6 2. c4 e5 3. dxe5 Ng4 4. Bf4 Nc6 5. Nf3 Bb4+ 6. Nc3 Qe7 7. Qd5 Bxc3+
8. bxc3 f6 9. exf6 Nxf6 10. Qd3 d6 11. e3 O-O 12. Be2 Ne4 13. Nd2 Nc5 14. Qc2
Bf5 15. Qd1 Bd3 16. O-O Ne5 17. Bxe5 Qxe5 18. Rc1 Bg6 19. Nf3 Qe7 20. Nd4 Rf7
21. Bh5 Bxh5 22. Qxh5 Raf8 23. Nf3 Rf5 24. Qg4 Nd3 25. Rc2 h5 26. Qd4 Nc5 27.
Re2 b6 28. Nh4 Rg5 29. f4 Rg4 30. Qd5+ Qe6 31. Qxh5 Nd3 32. f5 Qe4 33. Ng6 Rf6
34. Qh8+ 1-0

[Event "Mechanics' Spring TNM; 30/90, SD/30"]
[Site "San Francisco"]
[Date "2013.03.26"]
[Round "2.27"]
[White "James, Charles"]
[Black "Filho, Murilo"]
[Result "1-0"]
[WhiteElo "1535"]
[BlackElo "1716"]
[PlyCount "67"]
[EventDate "2013.??.??"]

1. d4 d5 2. c4 c6 3. Nc3 Nf6 4. Nf3 Bf5 5. e3 e6 6. Bd3 Bxd3 7. Qxd3 Bb4 8. O-O
Bxc3 9. Qxc3 Nbd7 10. b3 O-O 11. Ba3 Re8 12. Ne5 Rc8 13. c5 Nxe5 14. dxe5 Nd7
15. f4 Qh4 16. Rf3 Qg4 17. Rd1 Nf8 18. f5 exf5 19. Rd4 Qg5 20. Rdf4 g6 21. Rg3
Qh5 22. Rh3 Qg5 23. Bb2 Ne6 24. Rfh4 h5 25. Qb4 Qe7 26. Rg3 Kf8 27. Rgh3 Nxc5
28. Qf4 Qe6 29. Qg5 b6 30. Rxh5 gxh5 31. Rxh5 Qg6 32. Rh8+ Kg7 33. e6+ f6 34.
Bxf6# 1-0

[Event "Mechanics' Winter TNM; 30/90, SD/30"]
[Site "San Francisco"]
[Date "2013.02.26"]
[Round "8.31"]
[White "James, Charles"]
[Black "Frank, Robert"]
[Result "0-1"]
[WhiteElo "1559"]
[BlackElo "1264"]
[PlyCount "68"]
[EventDate "2013.??.??"]

1. d4 d5 2. c4 e6 3. Nc3 Bb4 4. e3 Nf6 5. Bd3 c5 6. Nf3 dxc4 7. Bxc4 cxd4 8.
exd4 Ne4 9. Qc2 Nd6 10. Bd3 f5 11. O-O O-O 12. Bf4 h6 13. Be5 Nc6 14. a3 Ba5
15. b4 Bc7 16. Rac1 Nxe5 17. dxe5 Nf7 18. Rfe1 Ng5 19. Be2 Qe7 20. Nh4 Nh3+ 21.
gxh3 Qxh4 22. Bd3 Qxh3 23. Re3 Qg4+ 24. Rg3 Qh4 25. Ne2 Bb6 26. Rf3 a5 27. Nf4
Qg4+ 28. Rg3 Qxf4 29. Kh1 Qxe5 30. Rcg1 Rf7 31. Qd2 Qf6 32. Rg6 Qh4 33. Rxh6
Qxf2 34. Qxf2 Bxf2 0-1

[Event "Mechanics' Spring TNM; 30/90, SD/30"]
[Site "San Francisco"]
[Date "2013.04.09"]
[Round "4.29"]
[White "James, Charles"]
[Black "Goodkind, Lauren"]
[Result "1/2-1/2"]
[WhiteElo "1535"]
[BlackElo "1890"]
[PlyCount "93"]
[EventDate "2013.??.??"]

1. d4 d5 2. c4 c6 3. Nc3 Nf6 4. Nf3 e6 5. e3 Bd6 6. Bd3 O-O 7. O-O Nbd7 8. e4
dxe4 9. Nxe4 Qc7 10. Nxd6 Qxd6 11. c5 Qc7 12. Bd2 Rd8 13. Qc2 Nf8 14. Rfe1 Bd7
15. Bg5 Re8 16. Bxf6 gxf6 17. Re3 Kh8 18. Rae1 Ng6 19. Nd2 Rg8 20. Ne4 f5 21.
Nf6 Rg7 22. Nh5 Nf4 23. Nxg7 Kxg7 24. Rg3+ Kh8 25. Qc3 Nd5 26. Qd2 Qf4 27. Qxf4
Nxf4 28. Bc2 Rd8 29. Rf3 Ng6 30. b4 Be8 31. Rd1 Kg7 32. g3 a6 33. a4 f6 34.
Rfd3 Ne7 35. Bb3 Nd5 36. Bxd5 Rxd5 37. f4 Kf7 38. a5 Ke7 39. Kf2 Bh5 40. R1d2
Rd8 41. Ke3 Bg4 42. Rg2 Bh3 43. Rg1 h6 44. Kd2 Rg8 45. Re1 Bg2 46. Rde3 Bd5 47.
Kc3 1/2-1/2

[Event "Mechanics' Winter TNM; 30/90, SD/30"]
[Site "San Francisco"]
[Date "2013.01.08"]
[Round "1.14"]
[White "James, Charles"]
[Black "Grey, Peter"]
[Result "0-1"]
[WhiteElo "1559"]
[BlackElo "2011"]
[PlyCount "40"]
[EventDate "2013.??.??"]

1. d4 Nf6 2. c4 g6 3. Nc3 d5 4. cxd5 Nxd5 5. e4 Nxc3 6. bxc3 Bg7 7. Nf3 c5 8.
Bc4 Nc6 9. O-O O-O 10. Be3 Bg4 11. Be2 Bxf3 12. d5 Bxe2 13. Qxe2 Na5 14. Bd2 e6
15. dxe6 fxe6 16. e5 Qd5 17. f4 Rad8 18. Rfd1 Qd3 19. Qe1 Nc4 20. Qf2 Nxd2 0-1

[Event "Mechanics' Neil Falconer TNM; 30/90, SD"]
[Site "San Francisco"]
[Date "2013.08.20"]
[Round "3.20"]
[White "James, Charles"]
[Black "Hakobyan, Sos"]
[Result "0-1"]
[WhiteElo "1571"]
[BlackElo "1844"]
[PlyCount "88"]
[EventDate "2013.??.??"]

1. d4 Nf6 2. c4 c5 3. d5 d6 4. Nc3 Bf5 5. Nf3 g6 6. h3 h5 7. Nh4 Bd7 8. e4 Bg7
9. Bd3 Na6 10. a3 Nc7 11. f4 e6 12. e5 Nfxd5 13. Nxg6 Nxc3 14. bxc3 fxg6 15.
Bxg6+ Kf8 16. Qxd6+ Kg8 17. O-O Be8 18. Be4 Bf8 19. Qxd8 Rxd8 20. Bxb7 Bg6 21.
Rf3 Rh7 22. Re3 Bd3 23. Be4 Bxe4 24. Rxe4 Rhd7 25. Be3 Rd1+ 26. Rxd1 Rxd1+ 27.
Kf2 Rd3 28. a4 a5 29. g4 h4 30. f5 Rxc3 31. f6 Rc2+ 32. Kg1 Na8 33. g5 Nb6 34.
g6 Rxc4 35. Rxc4 Nxc4 36. Bf4 Nb6 37. f7+ Kg7 38. Bg5 Kxg6 39. Bxh4 Nd7 40. Be1
Kf5 41. Bxa5 c4 42. Kf1 Kxe5 43. Ke1 Nc5 44. Bb4 Nd3+ 0-1

[Event "Mechanics' Summer TNM; 30/90, SD/30"]
[Site "San Francisco"]
[Date "2013.06.18"]
[Round "4.22"]
[White "James, Charles"]
[Black "Handigol, Abhishek"]
[Result "0-1"]
[WhiteElo "1503"]
[BlackElo "2002"]
[PlyCount "52"]
[EventDate "2013.??.??"]

1. d4 d5 2. c4 e5 3. dxe5 d4 4. Nf3 Nc6 5. a3 f6 6. Bf4 g5 7. Bg3 g4 8. Nfd2
fxe5 9. f3 Nf6 10. Qc2 Be6 11. f4 exf4 12. Bxf4 Qd7 13. e4 O-O-O 14. Bd3 Be7
15. e5 Nh5 16. g3 Nxf4 17. gxf4 Bh4+ 18. Kd1 Rhf8 19. Rf1 Ne7 20. Ne4 Nf5 21.
Qb3 Ne3+ 22. Kc1 Nxf1 23. Nc5 Qc6 24. Be4 Qxc5 25. Qxb7+ Kd7 26. Bd5 Bxd5 0-1

[Event "Mechanics' Spring TNM; 30/90, SD/30"]
[Site "San Francisco"]
[Date "2013.04.23"]
[Round "6.31"]
[White "James, Charles"]
[Black "Melville, Cailen"]
[Result "1-0"]
[WhiteElo "1535"]
[BlackElo "1863"]
[PlyCount "55"]
[EventDate "2013.??.??"]

1. d4 Nf6 2. c4 c6 3. Nc3 d5 4. Nf3 a6 5. c5 g6 6. e3 Bg7 7. Bd3 O-O 8. O-O Bg4
9. h3 Be6 10. Re1 h6 11. Qc2 Nbd7 12. e4 dxe4 13. Nxe4 Nd5 14. a3 N5f6 15.
Nxf6+ Nxf6 16. Bxg6 Bxh3 17. gxh3 fxg6 18. Qxg6 Kh8 19. Bxh6 Rg8 20. Ng5 Qe8
21. Nf7+ Qxf7 22. Qxf7 Raf8 23. Qxe7 Bxh6+ 24. Kh1 Nd5 25. Qh4 Rg6 26. Rg1 Rf4
27. Rg4 Rgf6 28. Rxf4 1-0

[Event "Mechanics' Summer TNM; 30/90, SD/30"]
[Site "San Francisco"]
[Date "2013.07.09"]
[Round "7.31"]
[White "James, Charles"]
[Black "Reyes, Robert"]
[Result "1-0"]
[WhiteElo "1503"]
[BlackElo "1241"]
[Annotator "Donaldson"]
[PlyCount "53"]
[EventDate "2013.??.??"]

1. d4 d5 2. c4 e6 3. Nc3 dxc4 (3... Nf6 4. Bg5 Be7 5. Nf3 O-O 6. e3 Nbd7 7. Rc1
c6 8. Bd3 dxc4 9. Bxc4 Nd5 10. Bxe7 Qxe7 11. O-O Nxc3 12. Rxc3 e5) 4. e4 Nf6 5.
Nf3 (5. Bxc4 Bb4 6. Bg5 h6 7. Bxf6 Qxf6 8. Nf3 O-O 9. O-O c5) 5... Bb4 6. Qc2
Nc6 (6... c5) 7. Be3 O-O 8. Bxc4 Re8 9. O-O Bd7 (9... e5 10. dxe5 Nxe5 11. Nxe5
Rxe5 12. Bxf7+ Kxf7 13. Qb3+) 10. e5 Bxc3 11. bxc3 Nd5 12. Bd2 a6 13. Bd3 (13.
Ng5 g6 14. Ne4) 13... f5 (13... h6 14. c4 Nb6) (13... g6 14. h4) 14. exf6 Nxf6
15. Bg5 g6 (15... h6 16. Bh4 Ne7 17. Rfe1) 16. Bxg6 Qe7 (16... Rf8 17. Bxh7+)
17. Bxe8 Rxe8 18. Ne5 Nxe5 19. dxe5 Qc5 20. Bxf6 Bb5 21. Rfe1 Rf8 22. Qd2 Kf7
23. Qh6 Ke8 24. Rad1 Bd7 25. Qxh7 Rf7 26. Qg6 Qf8 27. Re3 1-0

[Event "Mechanics' Fall TNM; 30/90, SD/30"]
[Site "San Francisco"]
[Date "2013.11.05"]
[Round "3.27"]
[White "James, Charles"]
[Black "Ross, David"]
[Result "0-1"]
[WhiteElo "1592"]
[BlackElo "1136"]
[PlyCount "62"]
[EventDate "2013.??.??"]

1. d4 Nf6 2. c4 g6 3. Nc3 Bg7 4. e4 d6 5. f3 O-O 6. Be3 c5 7. dxc5 dxc5 8. Bxc5
Nfd7 9. Ba3 Nc6 10. Nge2 Nb6 11. b3 Qc7 12. Nb5 Qe5 13. Rb1 Rd8 14. Qc2 a6 15.
f4 Qf6 16. Nc7 Rb8 17. c5 Nd4 18. Nxd4 Qxd4 19. cxb6 Qxb6 20. Nd5 Rxd5 21. exd5
Qa5+ 22. Kd1 Bf5 23. Qc5 Qxc5 24. Bxc5 Bxb1 25. a3 Be4 26. d6 exd6 27. Bb6 d5
28. Rg1 Rc8 29. g3 Rc3 30. Bh3 Rxb3 31. Bc5 Rb1+ 0-1

[Event "Mechanics' Neil Falconer TNM; 30/90, SD"]
[Site "San Francisco"]
[Date "2013.08.06"]
[Round "1.14"]
[White "James, Charles"]
[Black "Steger, Alex"]
[Result "0-1"]
[WhiteElo "1571"]
[BlackElo "1990"]
[PlyCount "68"]
[EventDate "2013.??.??"]

1. d4 d5 2. c4 c6 3. Nc3 dxc4 4. a4 e5 5. Nf3 exd4 6. Qxd4 Qxd4 7. Nxd4 Bc5 8.
e3 Bxd4 9. exd4 Be6 10. Bf4 Nf6 11. Be2 O-O 12. O-O Nbd7 13. Rac1 a5 14. Rfe1
Nb6 15. Bd6 Rfe8 16. f3 Rac8 17. Be5 Red8 18. Red1 Nfd5 19. Ne4 Ne3 20. Rd2
Nxa4 21. Nd6 Rxd6 22. Bxd6 b5 23. Bf4 Nd5 24. Bd6 Rd8 25. Bg3 f5 26. Be5 f4 27.
Bd1 c3 28. bxc3 Naxc3 29. Bb3 b4 30. Ra1 a4 31. Bxa4 Ra8 32. Rc2 Rxa4 33. Rxa4
Nxa4 34. Rxc6 Kf7 0-1

[Event "Mechanics' Winter TNM; 30/90, SD/30"]
[Site "San Francisco"]
[Date "2013.02.05"]
[Round "5.37"]
[White "James, Charles"]
[Black "Touset, Stephen"]
[Result "1-0"]
[WhiteElo "1559"]
[BlackElo "919"]
[PlyCount "61"]
[EventDate "2013.??.??"]

1. d4 Nf6 2. c4 e6 3. Nc3 Bb4 4. Qc2 c5 5. dxc5 Bxc5 6. Bg5 Bxf2+ 7. Kd2 h6 8.
Nh3 Bc5 9. Bh4 d5 10. Rd1 Nc6 11. Kc1 d4 12. Ne4 Be7 13. Nhf2 Nxe4 14. Bxe7
Qxe7 15. Nxe4 O-O 16. g4 e5 17. h3 Be6 18. b3 Rac8 19. Kb2 b5 20. c5 Bd5 21.
Bg2 Nb4 22. Qd2 Bxe4 23. Bxe4 Na6 24. b4 Nb8 25. a3 a5 26. Rhf1 axb4 27. axb4
Qe6 28. Bf5 Qd5 29. e4 dxe3 $4 30. Qxd5 Rcd8 31. Qxd8 1-0

[Event "Mechanics' Neil Falconer TNM; 30/90, SD"]
[Site "San Francisco"]
[Date "2013.09.10"]
[Round "6.16"]
[White "James, Charles"]
[Black "Uzzaman, Ashik"]
[Result "0-1"]
[WhiteElo "1571"]
[BlackElo "1908"]
[PlyCount "64"]
[EventDate "2013.??.??"]

1. d4 Nf6 2. c4 e6 3. Nc3 Bb4 4. Qc2 O-O 5. a3 Bxc3+ 6. Qxc3 d5 7. Bg5 Nbd7 8.
e3 Qe8 9. f3 c6 10. Bd3 h6 11. Bh4 dxc4 12. Bxc4 Nd5 13. Qd2 e5 14. Ne2 N7b6
15. Ba2 exd4 16. e4 Ne3 17. Nxd4 Nbc4 18. Qe2 c5 19. Bxc4 cxd4 20. Kf2 Be6 21.
Bd3 f5 22. exf5 Bxf5 23. Bc4+ Kh8 24. Rhe1 Qh5 25. Bg3 Rae8 26. Kg1 Nc2 27. Be5
d3 28. Qd2 Nxa1 29. g4 Bxg4 30. fxg4 Qxg4+ 31. Kh1 Qf3+ 32. Kg1 Rxe5 0-1

[Event "Mechanics' Summer TNM; 30/90, SD/30"]
[Site "San Francisco"]
[Date "2013.06.04"]
[Round "2.19"]
[White "James, Charles"]
[Black "Uzzaman, Ashik"]
[Result "0-1"]
[WhiteElo "1503"]
[BlackElo "1926"]
[PlyCount "42"]
[EventDate "2013.??.??"]

1. d4 Nf6 2. c4 e6 3. Nc3 Bb4 4. Qc2 O-O 5. a3 Bxc3+ 6. Qxc3 b6 7. Bg5 Bb7 8.
f3 c5 9. h4 h6 10. Bf4 cxd4 11. Qxd4 Nc6 12. Qd2 e5 13. Be3 Na5 14. Qc2 Rc8 15.
b3 d5 16. Bd2 Nc6 17. e3 dxc4 18. Bxc4 b5 19. Bd3 e4 20. Be2 Nd4 21. Qb2 Nc2+
0-1

[Event "Mechanics' Winter TNM; 30/90, SD/30"]
[Site "San Francisco"]
[Date "2013.02.05"]
[Round "5.26"]
[White "Jones, Clarence"]
[Black "Hakobyan, Sos"]
[Result "1-0"]
[WhiteElo "1546"]
[BlackElo "1822"]
[PlyCount "115"]
[EventDate "2013.??.??"]

1. d4 Nf6 2. c4 c5 3. e3 b6 4. Nc3 g6 5. Nf3 Bb7 6. Bd3 Bg7 7. O-O O-O 8. d5 d6
9. Re1 Na6 10. e4 Ng4 11. h3 Ne5 12. Nxe5 Bxe5 13. Bh6 Bg7 14. Bxg7 Kxg7 15. e5
Nc7 16. f4 dxe5 17. fxe5 b5 18. b3 bxc4 19. bxc4 Ne8 20. Ne4 Qc7 21. Ng3 f6 22.
Qg4 fxe5 23. Nh5+ Kh8 24. Rf1 Nf6 25. Nxf6 exf6 26. Rad1 Qf7 27. Rde1 Rae8 28.
Qg3 Qg7 29. Rb1 f5 30. Bxf5 Bxd5 31. cxd5 Rxf5 32. Rxf5 gxf5 33. Qxg7+ Kxg7 34.
Rb7+ Kf6 35. Rc7 e4 36. Kf2 Ke5 37. Rxc5 Kd4 38. Ra5 Kd3 39. Ke1 Re5 40. Rxa7
Rxd5 41. Rxh7 Ke3 42. Rb7 Ra5 43. Rb3+ Kf4 44. a3 Ra8 45. g3+ Ke5 46. Ke2 Kd4
47. h4 Kc4 48. Re3 Rb8 49. Kf2 Kd4 50. a4 Rb4 51. Ra3 Rb2+ 52. Ke1 Rb1+ 53. Kd2
e3+ 54. Rxe3 Rb2+ 55. Kc1 Ra2 56. Rf3 Ke5 57. Rf4 Ra3 58. h5 $1 1-0

[Event "Mechanics' Winter TNM; 30/90, SD/30"]
[Site "San Francisco"]
[Date "2013.01.08"]
[Round "1.16"]
[White "Jones, Clarence"]
[Black "Hua, Arnold"]
[Result "0-1"]
[WhiteElo "1546"]
[BlackElo "2005"]
[PlyCount "89"]
[EventDate "2013.??.??"]

1. d4 d5 2. c4 dxc4 3. e3 e5 4. Bxc4 exd4 5. exd4 Bb4+ 6. Nc3 Nf6 7. Nge2 O-O
8. O-O Nc6 9. Bg5 Be7 10. Re1 Bf5 11. Bxf6 Bxf6 12. Nd5 Re8 13. Qd2 Bg5 14. Ne3
Bg4 15. Bb5 Bxe2 16. Bxc6 bxc6 17. Rxe2 Qd6 18. Qd3 g6 19. Nc4 Qd5 20. Ne3 Qe4
21. Qxe4 Rxe4 22. Rd1 Rd8 23. g3 Bf6 24. d5 cxd5 25. Rc2 d4 26. Nf1 d3 27. Rxc7
Re2 28. Ne3 Bxb2 29. Kf1 Be5 30. Rxa7 Rb2 31. Nc4 Rxf2+ 32. Kxf2 Bd4+ 33. Kf3
Bxa7 34. Ke4 Rd4+ 35. Ke5 Rxc4 36. Rxd3 Ra4 37. a3 Bc5 38. Kf6 Ra6+ 39. Kg5
Rxa3 40. Rd8+ Kg7 41. Rc8 Bg1 42. Rc2 Ra4 43. g4 h6+ 44. Kh4 Ra3 45. g5 0-1

[Event "Mechanics' Winter TNM; 30/90, SD/30"]
[Site "San Francisco"]
[Date "2013.01.22"]
[Round "3.31"]
[White "Jones, Clarence"]
[Black "Ryaboy, Michael"]
[Result "1-0"]
[WhiteElo "1546"]
[BlackElo "1188"]
[PlyCount "55"]
[EventDate "2013.??.??"]

1. d4 d5 2. c4 e6 3. Nf3 Nc6 4. Nc3 Nf6 5. Bg5 Be7 6. e3 h6 7. Bh4 Nh7 8. Bxe7
Nxe7 9. cxd5 Nxd5 10. Bd3 Bd7 11. O-O f6 12. Bg6+ Ke7 13. Re1 Be8 14. Nxd5+
Qxd5 15. Qc2 Qc6 16. Bxh7 f5 17. Bxf5 exf5 18. Qxf5 Qe6 19. Qc2 Rf8 20. Qxc7+
Bd7 21. Qc5+ Ke8 22. Rac1 Rc8 23. Qe5 Rf5 24. Qxg7 Rxf3 25. Rxc8+ Bxc8 26. gxf3
Qxa2 27. Rc1 Bh3 28. Qxb7 1-0

[Event "Mechanics' Winter TNM; 30/90, SD/30"]
[Site "San Francisco"]
[Date "2013.02.12"]
[Round "6.21"]
[White "Jones, Clarence"]
[Black "Woebcke, Carl"]
[Result "1/2-1/2"]
[WhiteElo "1546"]
[BlackElo "1769"]
[PlyCount "70"]
[EventDate "2013.??.??"]

1. d4 d5 2. c4 e6 3. Nf3 Nf6 4. Bg5 Be7 5. Nc3 O-O 6. e3 h6 7. Bh4 b6 8. cxd5
Nxd5 9. Bxe7 Qxe7 10. Bd3 Bb7 11. O-O Nd7 12. Rc1 c5 13. Re1 cxd4 14. exd4 N7f6
15. Bb1 Nf4 16. Ne4 Rfd8 17. Qd2 N6d5 18. Ng3 Ng6 19. Bxg6 fxg6 20. Ne5 Qf6 21.
Ne4 Qf5 22. Ng3 Qf6 23. Qc2 Nf4 24. Ne4 Qf5 25. Nc6 Rd7 26. Ng3 Qd5 27. Qe4 Nd3
28. Qxd3 Bxc6 29. Qe4 Qxe4 30. Nxe4 Bb7 31. Nc3 Kf7 32. Nb5 Rc8 33. Rxc8 Bxc8
34. Rc1 Ba6 35. Nc7 Bd3 1/2-1/2

[Event "Mechanics' Winter TNM; 30/90, SD/30"]
[Site "San Francisco"]
[Date "2013.02.12"]
[Round "6.8"]
[White "Jones, James"]
[Black "Byamba, Uyanga"]
[Result "0-1"]
[WhiteElo "2007"]
[BlackElo "2094"]
[PlyCount "56"]
[EventDate "2013.??.??"]

1. e4 c5 2. Nf3 Nc6 3. Bb5 g6 4. Bxc6 bxc6 5. O-O Nf6 6. Nc3 Bg7 7. d3 O-O 8.
Be3 d6 9. h3 a5 10. a4 Rb8 11. Rb1 e5 12. Qd2 Nh5 13. Ne2 f5 14. Bh6 f4 15.
Bxg7 Kxg7 16. c3 g5 17. Nh2 Nf6 18. b4 g4 19. bxc5 Rxb1 20. Rxb1 gxh3 21. gxh3
Bxh3 22. Kh1 Kh8 23. Rg1 dxc5 24. Nf3 Ng4 25. Nc1 Qf6 26. Nh2 Qh4 27. Nf3 Qh5
28. Nh2 Nxh2 0-1

[Event "Mechanics' Spring TNM; 30/90, SD/30"]
[Site "San Francisco"]
[Date "2013.04.02"]
[Round "3.2"]
[White "Jones, James"]
[Black "Fuentes, Romulo"]
[Result "1/2-1/2"]
[WhiteElo "2000"]
[BlackElo "2220"]
[Annotator "Donaldson"]
[PlyCount "51"]
[EventDate "2013.??.??"]

1. e4 c5 2. d4 cxd4 3. c3 dxc3 4. Nxc3 Nc6 5. Nf3 a6 6. Bc4 e6 7. O-O Bc5 8.
Bf4 b5 9. Bb3 Qb6 10. Rc1 (10. Nd5 $1 exd5 11. Qxd5 Nge7 12. Qxf7+ Kd8 13. Rac1
) 10... Nge7 11. Nd5 {The right idea, but possibly one move too late.} (11. Bd6
$14) 11... exd5 12. exd5 Na5 13. d6 Nxb3 14. axb3 O-O (14... Ng6 $1 15. Qe2+
Kf8 16. Rfe1 (16. Rce1 Bb7) 16... Bxf2+) 15. dxe7 $11 Bxe7 16. Qd5 Bb7 17. Qxd7
Bxf3 18. Qxe7 Bd5 19. b4 Rfe8 20. Qg5 Qe6 (20... Re6 21. Bg3) 21. Be3 Qe4 22.
Rfd1 Re5 23. Qg3 Rae8 24. h3 Qg6 25. Qxg6 hxg6 26. Rc7 1/2-1/2

[Event "Mechanics' Spring TNM; 30/90, SD/30"]
[Site "San Francisco"]
[Date "2013.05.07"]
[Round "8.7"]
[White "Jones, James"]
[Black "Gaffagan, Steven"]
[Result "0-1"]
[WhiteElo "2000"]
[BlackElo "2086"]
[PlyCount "30"]
[EventDate "2013.??.??"]

1. e4 e6 2. d4 b6 3. e5 Bb7 4. Qg4 Nc6 5. Nf3 Nb4 6. Na3 h5 7. Qg3 Nh6 8. Bg5
Nf5 9. Qh3 $2 (9. Bxd8 Nxg3 10. hxg3 Rxd8 11. c3 Nd5 12. Nc4 $11) 9... Be7 $19
10. Bxe7 Qxe7 11. c3 Nd5 12. g3 Nxc3 13. Bg2 Ba6 14. Nc2 Nd5 15. g4 Nf4 0-1

[Event "Mechanics' Winter TNM; 30/90, SD/30"]
[Site "San Francisco"]
[Date "2013.02.26"]
[Round "8.6"]
[White "Jones, James"]
[Black "Kokesh, Tim"]
[Result "0-1"]
[WhiteElo "2007"]
[BlackElo "2118"]
[PlyCount "52"]
[EventDate "2013.??.??"]

1. e4 c5 2. d4 cxd4 3. c3 dxc3 4. Nxc3 Nc6 5. Nf3 e6 6. Bc4 Qc7 7. O-O Nf6 8.
Nb5 Qb8 9. e5 a6 10. Nd6+ Bxd6 11. exd6 b5 12. Bb3 Bb7 13. Bf4 Na5 14. Bc2 Bd5
15. Re1 Qb6 16. Be5 O-O-O 17. Ng5 Rdf8 18. Rc1 Kb8 19. b3 Nc6 20. Bg3 h6 21.
Ne4 Nb4 22. Bb1 Nxe4 23. Bxe4 Bxe4 24. Rxe4 Nd5 25. Qf3 f5 26. Re5 f4 0-1

[Event "Mechanics' Winter TNM; 30/90, SD/30"]
[Site "San Francisco"]
[Date "2013.01.08"]
[Round "1.15"]
[White "Jones, James"]
[Black "Olson, David"]
[Result "1-0"]
[WhiteElo "2007"]
[BlackElo "1541"]
[Annotator "Donaldson"]
[PlyCount "93"]
[EventDate "2013.??.??"]

1. e4 c5 2. Nf3 g6 3. d4 Bg7 4. Bc4 d6 5. O-O cxd4 6. c3 Nf6 7. Re1 Nc6 8. cxd4
O-O 9. h3 Qc7 10. Nc3 a6 11. Bf4 b5 12. Bb3 Bb7 13. Rc1 Qa5 14. e5 dxe5 15.
dxe5 Rad8 16. Qe2 Nh5 17. Bh2 Nd4 18. Nxd4 Rxd4 19. Rcd1 Rfd8 20. Rxd4 Rxd4 21.
Qe3 Qb4 22. a3 Qc5 23. g4 Qc6 24. f3 Qxf3 25. Qxf3 Bxf3 26. gxh5 (26. Rf1 $1)
26... Rd2 $1 {Black grabs his chance.} 27. Bf4 Rxb2 28. Bd1 Bxh5 $4 (28... Bc6
{leaves White needing to show some decent technique.}) 29. Bxh5 (29. Bc1 $1 {
- end of game.}) 29... gxh5 30. Rd1 f5 31. exf6 Bxf6 32. Ne4 Kf7 33. Rd3 b4 34.
Nxf6 Kxf6 35. Bd2 bxa3 $4 (35... a5 $1 {= Houdini}) 36. Bc3+ e5 37. Bxb2 axb2
38. Rb3 Kf5 39. Kg2 Ke4 40. Rxb2 Kd3 41. Ra2 e4 42. Rxa6 Ke2 43. Re6 e3 44. h4
h6 45. Rxh6 Kd2 46. Rxh5 e2 47. Re5 1-0